000 01738cam a22003618a 4500
999 _c63923
_d63923
001 z9smcl b434326
003 OCoLC
005 20180622170747.0
008 070227t20071999nyu g 000 0 eng
020 _a9780061233500 (pbk.)
020 _a0061233501 (pbk.)
040 _aUKM
_cCO-MdFUSB
_dCO-MdFUSB
_bspa
_erda
041 _aeng
082 _224
_aG 576.8
_bM647f
100 1 _aMiller, Kenneth R.
_d1948-
_eautor
245 0 1 _aFinding Darwin's God :
_ba scientist's search for common ground between God and evolution /
_cKenneth R. Miller.
264 1 _aNew York :
_bHarper Perennial ;
_c℗2007
264 4 _c©1999
300 _axiii, 338, 16 páginas :
_bilustraciónes ;
_c21 cm.
336 _2rdacontent
_a1
_ba1
337 _2rdamedia
_a2
_b5
338 _2rdacarrier
_a2
_b5
500 _a1st. pbk. ed. published, 2000; [c1999]..
505 0 _aDarwin's apple -- Eden's children -- God the charlatan -- God the magician -- God the mechanic -- The gods of disbelief -- Beyond materialism -- The road back home -- Finding Darwin's God.
505 0 _aLa manzana de Darwin -- Los hijos de Edén -- Dios el charlatán -- Dios el mago -- Dios el mecánico -- Los dioses de la incredulidad -- Más allá del materialismo -- El camino de vuelta a casa -- Encontrar al Dios de Darwin.
520 8 _aKenneth Miller believes that the argument between creationists and theists over evolution is far less relevant than the reality of existence. The author shows that belief in God is not incompatible with evolution.
650 7 _aReligión y ciencia
_9259
650 7 _aCreación
_9251
700 1 _aMiller, Kenneth R.
_q(Kenneth Raymond),
_d1948-
942 _cBK